[Event "ICS rated blitz match"]
[Site "207.99.83.229"]
[Date "1999.07.19"]
[Round "?"]
[White "Hossa"]
[Black "pirtti"]
[Result "1-0"]
[WhiteElo "2363"]
[BlackElo "2250"]
[PlyCount "105"]
[EventDate "1999.??.??"]

1. d4 e6 2. c4 d5 3. cxd5 exd5 4. Nc3 c6 5. e4 dxe4 6. Nxe4 Nf6 7. Nxf6+ Qxf6
8. Qa4 Bd6 9. Be3 O-O 10. O-O-O Be6 11. Ne2 b5 12. Qa5 Nd7 13. Re1 c5 14. d5
Bxd5 15. Nc3 Bc6 16. Bxb5 Bxb5 17. Qxb5 Nb6 18. Ne4 Qe5 19. f3 c4 20. Qxe5 Bxe5
21. f4 Bc7 22. f5 Rfe8 23. Bc5 Bf4+ 24. Kb1 Nd5 25. f6 Nxf6 26. Nxf6+ gxf6 27.
Rxe8+ Rxe8 28. Bxa7 Re2 29. Bd4 Kg7 30. g3 Bd2 31. Rf1 Re1+ 32. Rxe1 Bxe1 33.
Kc2 Kg6 34. Bc3 Bf2 35. Bb4 Bg1 36. h3 Bh2 37. Bd6 Kf5 38. g4+ Ke4 39. Bxh2 f5
40. gxf5 Kxf5 41. Kc3 Ke4 42. Kxc4 f6 43. a4 f5 44. a5 f4 45. a6 f3 46. Bg1 Kf4
47. Bf2 Kg5 48. a7 h5 49. a8=Q h4 50. Qxf3 Kg6 51. Qf8 Kg5 52. Qf7 Kh6 53. Be3#
{pirtti checkmated} 1-0

[Event "ICS rated blitz match"]
[Site "207.99.83.229"]
[Date "1999.07.19"]
[Round "?"]
[White "Hossa"]
[Black "BabaHasan"]
[Result "0-1"]
[WhiteElo "2374"]
[BlackElo "2176"]
[PlyCount "68"]
[EventDate "1999.??.??"]

1. d4 d5 2. c4 c6 3. Nc3 Nf6 4. cxd5 cxd5 5. f3 Nc6 6. e4 dxe4 7. d5 exf3 8.
dxc6 f2+ 9. Kxf2 Qb6+ 10. Kg3 e5 11. cxb7 Qxb7 12. Nf3 Be7 13. Nxe5 O-O 14. Bd3
Qb6 15. Qf3 Bb7 16. Qf5 Bd6 17. Re1 Rae8 18. a4 g6 19. Qg5 Qd8 20. Kh4 Be7 21.
Bxg6 fxg6 22. Nxg6 hxg6 23. Qxg6+ Kh8 24. g3 Bc8 25. Bg5 Nh7 26. Bxe7 Rxe7 27.
Kh5 Rf6 28. Rad1 Qf8 29. Rd8 Qxd8 30. Rxe7 Qxe7 31. Ne4 Rxg6 32. h3 Rg5+ 33.
Kh4 Re5+ 34. Ng5 34... Qxg5# {Hossa checkmated} 0-1

[Event "ICS rated blitz match"]
[Site "207.99.83.229"]
[Date "1999.07.19"]
[Round "?"]
[White "matar"]
[Black "Hossa"]
[Result "0-1"]
[WhiteElo "2384"]
[BlackElo "2369"]
[PlyCount "40"]
[EventDate "1999.??.??"]

1. e4 Nf6 2. e5 Nd5 3. c4 Nb6 4. c5 Nd5 5. Nc3 Nxc3 6. dxc3 e6 7. Qg4 Nc6 8.
Nf3 h6 9. h4 Qe7 10. Be3 f6 11. exf6 Qxf6 12. Bd3 Kf7 13. O-O-O Kg8 14. Rhe1 d5
15. cxd6 cxd6 16. Qh5 e5 17. Bc4+ Be6 18. Bxe6+ Qxe6 19. Kb1 g6 20. Ng5 20...
Qf5+ {matar resigns} 0-1

[Event "ICS rated blitz match"]
[Site "207.99.83.229"]
[Date "1999.07.19"]
[Round "?"]
[White "Hossa"]
[Black "matar"]
[Result "1-0"]
[WhiteElo "2386"]
[BlackElo "2367"]
[PlyCount "45"]
[EventDate "1999.??.??"]

1. d4 d5 2. c4 e6 3. Nc3 c6 4. f3 Nd7 5. e4 Bb4 6. Kf2 Ngf6 7. e5 Nh5 8. g4
Qh4+ 9. Kg2 g6 10. cxd5 exd5 11. gxh5 gxh5 12. Be2 Nxe5 13. Nxd5 Be1 14. Nc7+
Kd7 15. dxe5+ Kxc7 16. Qd6+ Kb6 17. Be3+ Ka5 18. Qc5+ b5 19. a4 Rg8+ 20. Kf1
Rxg1+ 21. Kxg1 Bf2+ 22. Bxf2 Qg5+ 23. Kf1 {matar resigns} 1-0

[Event "ICS rated blitz match"]
[Site "207.99.83.229"]
[Date "1999.07.19"]
[Round "?"]
[White "Hossa"]
[Black "matar"]
[Result "1-0"]
[WhiteElo "2415"]
[BlackElo "2338"]
[PlyCount "45"]
[EventDate "1999.??.??"]

1. d4 d5 2. c4 e6 3. Nc3 c6 4. f3 Nf6 5. e4 Bb4 6. Bg5 Nbd7 7. e5 h6 8. Bh4 g5
9. Bf2 Nh5 10. Qb3 Qa5 11. O-O-O Bxc3 12. bxc3 Nb6 13. cxd5 cxd5 14. h4 Bd7 15.
hxg5 Rc8 16. Kd2 Nf4 17. Rxh6 Rg8 18. g3 Ba4 19. Qa3 Ng6 20. Rb1 Nc4+ 21. Bxc4
Rxc4 22. Rxb7 Rc8 23. Rxg6 {matar resigns} 1-0

[Event "ICS rated blitz match"]
[Site "207.99.83.229"]
[Date "1999.07.19"]
[Round "?"]
[White "Hossa"]
[Black "Themaster69"]
[Result "0-1"]
[WhiteElo "2428"]
[BlackElo "2791"]
[PlyCount "76"]
[EventDate "1999.??.??"]

1. d4 d5 2. c4 e6 3. Nc3 c5 4. cxd5 exd5 5. Nf3 Nc6 6. g3 Nf6 7. Bg2 Be7 8. O-O
Be6 9. dxc5 Bxc5 10. Bg5 d4 11. Bxf6 Qxf6 12. Ne4 Qe7 13. Nxc5 Qxc5 14. Rc1 Qb6
15. Ng5 Bxa2 16. Qd3 Ne7 17. Nxh7 Qxb2 18. Rc7 Rb8 19. Rfc1 f6 20. Qe4 Qb4 21.
Qh4 Kf7 22. Qe4 Qd6 23. R1c5 Be6 24. h4 Kg8 25. Nxf6+ gxf6 26. Rc1 f5 27. Qb1
Kg7 28. Rxb7 Rhe8 29. Rc6 Qe5 30. Rc2 f4 31. gxf4 Qxf4 32. Qa1 Rxb7 33. Bxb7
Rg8 34. Qxa7 Kf7+ 35. Kf1 Bh3+ 36. Bg2 Rxg2 37. Qa2+ Kg7 38. Rb2 38... Qxf2# {
Hossa checkmated} 0-1

[Event "ICS rated blitz match"]
[Site "207.99.83.229"]
[Date "1999.07.19"]
[Round "?"]
[White "matar"]
[Black "Hossa"]
[Result "0-1"]
[WhiteElo "2332"]
[BlackElo "2424"]
[PlyCount "94"]
[EventDate "1999.??.??"]

1. e4 Nf6 2. e5 Nd5 3. c4 Nb6 4. c5 Nd5 5. Nc3 Nxc3 6. dxc3 e6 7. Qg4 Nc6 8.
Nf3 h6 9. Bb5 Qe7 10. Be3 f5 11. Qg6+ Qf7 12. Qxf7+ Kxf7 13. Bxc6 dxc6 14. h4
Bd7 15. O-O-O Rd8 16. Rd2 Be7 17. Rhd1 Bc8 18. h5 Rxd2 19. Nxd2 Rd8 20. Nc4
Rxd1+ 21. Kxd1 Bd7 22. f3 b6 23. Kc2 Bc8 24. a4 Bxc5 25. Bxc5 Ba6 26. Nd2 bxc5
27. c4 g6 28. hxg6+ Kxg6 29. Kd3 Kg5 30. g3 h5 31. Nb3 f4 32. gxf4+ Kxf4 33.
Nxc5 Bc8 34. Ne4 Kxf3 35. b4 h4 36. Kd4 h3 37. Ng5+ Kg2 38. Nxh3 Kxh3 39. Kc5
Bd7 40. b5 cxb5 41. cxb5 Kg4 42. a5 Kf4 43. b6 axb6+ 44. axb6 cxb6+ 45. Kd6 Bc8
46. Kc7 Kxe5 47. Kxc8 47... b5 {matar resigns} 0-1

[Event "ICS rated blitz match"]
[Site "207.99.83.229"]
[Date "1999.07.19"]
[Round "?"]
[White "Themaster69"]
[Black "Hossa"]
[Result "1-0"]
[WhiteElo "2795"]
[BlackElo "2436"]
[PlyCount "86"]
[EventDate "1999.??.??"]

1. e4 Nf6 2. Nc3 d5 3. e5 d4 4. exf6 dxc3 5. fxg7 cxd2+ 6. Qxd2 Qxd2+ 7. Bxd2
Bxg7 8. O-O-O Nc6 9. Bb5 Bd7 10. Nf3 O-O-O 11. Rhe1 Nd4 12. Nxd4 Bxd4 13. Bc4
Rhg8 14. Rxe7 Rxg2 15. Bf4 Bc5 16. Rxf7 Rxf2 17. Rfxd7 Rxd7 18. Be6 Bd6 19.
Bxd6 cxd6 20. Rxd6 Rf1+ 21. Kd2 Rff7 22. Rxd7 Rxd7+ 23. Ke3 b5 24. Kf4 Kd8 25.
Bxd7 Kxd7 26. Kg5 Ke6 27. Kh6 Kf6 28. c3 Kf5 29. b3 b4 30. c4 Ke5 31. Kxh7 Kf6
32. h4 Kf7 33. h5 a6 34. h6 a5 35. c5 Kf6 36. Kg8 Ke6 37. h7 Kd5 38. h8=Q Kxc5
39. Qe5+ Kb6 40. Kf7 a4 41. Qd6+ Kb7 42. bxa4 Ka7 43. Qc7+ 43... Ka6 {
Hossa resigns} 1-0

[Event "ICS rated blitz match"]
[Site "207.99.83.229"]
[Date "1999.07.19"]
[Round "?"]
[White "Hossa"]
[Black "Themaster69"]
[Result "0-1"]
[WhiteElo "2432"]
[BlackElo "2799"]
[PlyCount "78"]
[EventDate "1999.??.??"]

1. d4 d5 2. c4 c6 3. Nc3 Nf6 4. cxd5 cxd5 5. f3 e6 6. Bg5 Bb4 7. Rc1 Nbd7 8. e4
dxe4 9. fxe4 h6 10. Bxf6 Qxf6 11. Nh3 O-O 12. a3 Ba5 13. Bc4 e5 14. d5 Nb6 15.
Qd3 Bxh3 16. gxh3 Nxc4 17. Qxc4 Qh4+ 18. Kd2 Qxh3 19. b4 Bd8 20. Qf1 Bg5+ 21.
Kc2 Qd7 22. Re1 a5 23. b5 Rac8 24. h4 Be7 25. a4 Bb4 26. Re3 Bxc3 27. Rxc3 Qg4
28. Kd2 Qxe4 29. Qf3 Qxa4 30. Rxc8 Rxc8 31. Rd1 Rc2+ 32. Ke3 Qa3+ 33. Ke4 f5+
34. Kxe5 Qxf3 35. Re1 Qc3+ 36. Kxf5 Qxe1 37. d6 Rf2+ 38. Kg4 Qe4+ 39. Kg3 39...
Qf3# {Hossa checkmated} 0-1

[Event "ICS rated blitz match"]
[Site "207.99.83.229"]
[Date "1999.07.20"]
[Round "?"]
[White "pagoda"]
[Black "Hossa"]
[Result "0-1"]
[WhiteElo "2012"]
[BlackElo "2429"]
[PlyCount "50"]
[EventDate "1999.??.??"]

1. e4 Nf6 2. e5 Nd5 3. c4 Nb6 4. c5 Nd5 5. Bc4 e6 6. Nc3 Bxc5 7. Bxd5 exd5 8.
Nxd5 c6 9. Ne3 Bxe3 10. dxe3 Qa5+ 11. Bd2 Qxe5 12. Nf3 Qxb2 13. O-O O-O 14. Qe1
d5 15. Bc3 Qb5 16. Qd2 Bf5 17. Qd4 f6 18. a4 Qd3 19. Qb4 b6 20. a5 c5 21. Qb2
Nd7 22. axb6 axb6 23. Rfd1 Rxa1 24. Qxa1 Qc4 25. Be1 25... b5 {pagoda resigns}
0-1

[Event "ICS rated blitz match"]
[Site "207.99.83.229"]
[Date "1999.07.20"]
[Round "?"]
[White "Hossa"]
[Black "pagoda"]
[Result "1-0"]
[WhiteElo "2432"]
[BlackElo "2009"]
[PlyCount "77"]
[EventDate "1999.??.??"]

1. d4 Nf6 2. c4 e6 3. Nc3 Bb4 4. Bg5 c5 5. e4 Qa5 6. Bxf6 Bxc3+ 7. Ke2 gxf6 8.
bxc3 Qxc3 9. dxc5 Qxc4+ 10. Kf3 Qxc5 11. Qc1 Qxc1 12. Rxc1 Nc6 13. Rd1 Ne5+ 14.
Kf4 Rg8 15. f3 b6 16. Rc1 Bb7 17. Ke3 Rc8 18. Rxc8+ Bxc8 19. g3 Ke7 20. Be2 Bb7
21. f4 Rc8 22. fxe5 fxe5 23. Nf3 d6 24. Bd3 Rc3 25. Kd2 Ra3 26. Rc1 Kd8 27. Ng5
Rxa2+ 28. Ke3 Ra3 29. g4 Ba6 30. Rd1 Rxd3+ 31. Rxd3 Bxd3 32. Kxd3 Ke7 33. Nxh7
a5 34. Kc4 d5+ 35. exd5 exd5+ 36. Kxd5 b5 37. Kxe5 b4 38. Nf6 a4 39. Nd5+ {
pagoda resigns} 1-0

[Event "ICS rated blitz match"]
[Site "207.99.83.229"]
[Date "1999.07.20"]
[Round "?"]
[White "pagoda"]
[Black "Hossa"]
[Result "0-1"]
[WhiteElo "2006"]
[BlackElo "2435"]
[PlyCount "59"]
[EventDate "1999.??.??"]

1. e4 Nf6 2. e5 Nd5 3. c4 Nb6 4. c5 Nd5 5. Bc4 e6 6. Nc3 Bxc5 7. Bxd5 exd5 8.
Nxd5 c6 9. Ne3 Bxe3 10. dxe3 Qa5+ 11. Bd2 Qxe5 12. Nf3 Qxb2 13. Rb1 Qxa2 14.
Bb4 d5 15. O-O Bf5 16. Qd4 f6 17. Qc5 Kd7 18. Qe7+ Kc8 19. Ra1 Qc4 20. Bd6 Nd7
21. Nd4 Qd3 22. Bg3 Qe4 23. Qd6 Ne5 24. Rfc1 Rd8 25. Qa3 Bg4 26. h3 Bh5 27. Qa5
Kd7 28. Qc5 Nd3 29. Qd6+ Ke8 30. Qc5 {pagoda resigns} 0-1

[Event "ICS rated blitz match"]
[Site "207.99.83.229"]
[Date "1999.07.20"]
[Round "?"]
[White "Hossa"]
[Black "pagoda"]
[Result "1/2-1/2"]
[WhiteElo "2437"]
[BlackElo "2004"]
[PlyCount "143"]
[EventDate "1999.??.??"]

1. d4 Nf6 2. c4 e6 3. Nc3 Bb4 4. Bg5 c5 5. e4 Qa5 6. Bxf6 Bxc3+ 7. Ke2 gxf6 8.
bxc3 Qxc3 9. dxc5 Qxc4+ 10. Kf3 Qxc5 11. Qc1 Qxc1 12. Rxc1 Nc6 13. Rd1 Ne5+ 14.
Kf4 Rg8 15. f3 b6 16. Rc1 Kd8 17. Ke3 Bb7 18. Kd2 Rc8 19. a4 Rxc1 20. Kxc1 Ke7
21. Kd2 Rc8 22. Ke3 Nc4+ 23. Bxc4 Rxc4 24. Ne2 Rxa4 25. Rc1 Bc6 26. Nd4 Kd6 27.
Rc3 Ra2 28. Nc2 Ba4 29. Ne1 Bb5 30. Nc2 Ba4 31. Ne1 a5 32. f4 Bc6 33. Nc2 b5
34. h4 b4 35. Rc4 Rb2 36. g4 Bb5 37. Rd4+ Kc7 38. Rd2 Rb3+ 39. Kf2 a4 40. Nd4
Bc4 41. Nxb3 Bxb3 42. Rb2 Kb6 43. Rd2 Kc6 44. e5 fxe5 45. fxe5 a3 46. Rd6+ Kb5
47. Rxd7 Bd5 48. g5 b3 49. g6 hxg6 50. Rxf7 a2 51. Rf8 b2 52. Rb8+ Kc5 53. Rxb2
a1=Q 54. Re2 Qd4+ 55. Ke1 Qc3+ 56. Kf2 Qd4+ 57. Ke1 Qxh4+ 58. Kd2 Qf4+ 59. Ke1
Be4 60. Ra2 Qxe5 61. Ra5+ Kd4 62. Rxe5 Kxe5 63. Ke2 Bd5 64. Ke1 Bc6 65. Kd2 Bd5
66. Ke1 Bc6 67. Kd2 Bd5 68. Ke1 Bh1 69. Kd2 Bd5 70. Ke1 Bc6 71. Kd2 Bd5 72. Ke1
{pagoda ran out of time and Hossa has no material to mate} 1/2-1/2

[Event "ICS rated blitz match"]
[Site "207.99.83.229"]
[Date "1999.07.20"]
[Round "?"]
[White "pagoda"]
[Black "Hossa"]
[Result "1/2-1/2"]
[WhiteElo "2018"]
[BlackElo "2423"]
[PlyCount "58"]
[EventDate "1999.??.??"]

1. e4 Nf6 2. e5 Nd5 3. c4 Nb6 4. c5 Nd5 5. Bc4 e6 6. Nc3 Bxc5 7. Bxd5 exd5 8.
Nxd5 c6 9. Ne3 Bxe3 10. dxe3 Qa5+ 11. Bd2 Qxe5 12. Nf3 Qxb2 13. Rb1 Qxa2 14.
Bb4 d5 15. O-O Bf5 16. Qd4 f6 17. Qc5 Kd7 18. Qe7+ Kc8 19. Ra1 Qc4 20. Bd6 Nd7
21. Qxg7 Re8 22. Nd4 Be4 23. Rac1 Qa6 24. Qf7 Rh8 25. Qg7 Re8 26. Qf7 Rd8 27.
Be7 Rh8 28. Qg7 Re8 29. Qf7 29... Rh8 {Game drawn by mutual agreement} 1/2-1/2

[Event "ICS rated blitz match"]
[Site "207.99.83.229"]
[Date "1999.07.20"]
[Round "?"]
[White "Hossa"]
[Black "pagoda"]
[Result "1/2-1/2"]
[WhiteElo "2410"]
[BlackElo "2031"]
[PlyCount "49"]
[EventDate "1999.??.??"]

1. d4 Nf6 2. c4 e6 3. Nc3 Bb4 4. Bg5 c5 5. e4 Qa5 6. Bxf6 Bxc3+ 7. Ke2 gxf6 8.
bxc3 Qxc3 9. dxc5 Qxc4+ 10. Kf3 Qxc5 11. Qc1 Qxc1 12. Rxc1 Nc6 13. Rd1 b6 14.
Rd6 Ne5+ 15. Kg3 Bb7 16. f3 Rg8+ 17. Kh3 Ke7 18. Rd4 Rg5 19. Ne2 Rg7 20. Ng3
Rag8 21. Nh5 Rg5 22. Nf4 Ng6 23. Ne2 Ne5 24. Nf4 Ng6 25. Ne2 {
Game drawn by mutual agreement} 1/2-1/2

[Event "ICS rated blitz match"]
[Site "207.99.83.229"]
[Date "1999.07.20"]
[Round "?"]
[White "pagoda"]
[Black "Hossa"]
[Result "0-1"]
[WhiteElo "2044"]
[BlackElo "2397"]
[PlyCount "116"]
[EventDate "1999.??.??"]

1. e4 Nf6 2. e5 Nd5 3. c4 Nb6 4. c5 Nd5 5. Bc4 e6 6. Nc3 Bxc5 7. Bxd5 exd5 8.
Nxd5 c6 9. Ne3 Bxe3 10. dxe3 Qa5+ 11. Bd2 Qxe5 12. Nf3 Qxb2 13. Rb1 Qxa2 14.
Bb4 d5 15. O-O Bf5 16. Qd4 f6 17. Qc5 Kd7 18. Qe7+ Kc8 19. Ra1 Qc4 20. Bd6 Nd7
21. Qxg7 Re8 22. Nd4 Bg6 23. Rfc1 Bc2 24. Nxc2 Qe4 25. Nd4 Qg6 26. Qxg6 hxg6
27. Bg3 Kd8 28. h3 Ne5 29. Bxe5 fxe5 30. Nf3 Kd7 31. Ra5 b6 32. Ra6 Kc7 33.
Rca1 Kb7 34. Kf1 Re7 35. Ke2 Ree8 36. Kd3 e4+ 37. Ke2 exf3+ 38. gxf3 Rh8 39.
R6a4 Rxh3 40. Rg4 Rh6 41. Rf4 a5 42. Rf7+ Ka6 43. Rf6 Rc8 44. Rc1 Kb7 45. Rf7+
Rc7 46. Rf6 a4 47. Rg1 b5 48. Rgxg6 Rxg6 49. Rxg6 b4 50. Rg1 a3 51. Kd2 Rf7 52.
f4 c5 53. Kc2 c4 54. Rd1 Kc6 55. f3 b3+ 56. Kc3 Rb7 57. Ra1 b2 58. Rb1 58... a2
{pagoda resigns} 0-1

[Event "ICS rated blitz match"]
[Site "207.99.83.229"]
[Date "1999.07.20"]
[Round "?"]
[White "Hossa"]
[Black "pagoda"]
[Result "1/2-1/2"]
[WhiteElo "2401"]
[BlackElo "2040"]
[PlyCount "65"]
[EventDate "1999.??.??"]

1. d4 Nf6 2. c4 e6 3. Nc3 Bb4 4. Bg5 c5 5. e4 Qa5 6. Bxf6 Bxc3+ 7. Ke2 gxf6 8.
bxc3 Qxc3 9. dxc5 Qxc4+ 10. Kf3 Qxc5 11. Qc1 Qxc1 12. Rxc1 Nc6 13. Rd1 Rg8 14.
Ne2 Ne5+ 15. Ke3 b6 16. Rc1 Bb7 17. Nc3 Rc8 18. f3 Nc4+ 19. Bxc4 Rxc4 20. Rc2
Ke7 21. Rhc1 Rgc8 22. Kd3 R4c5 23. Ke3 Ba6 24. a3 d6 25. f4 Kd7 26. g4 Bb5 27.
Kd2 Ba6 28. h4 h6 29. Ke3 Rc4 30. a4 R4c5 31. Kd2 Rc4 32. Ke3 R4c5 33. Kd2 {
Game drawn by mutual agreement} 1/2-1/2

[Event "ICS rated blitz match"]
[Site "207.99.83.229"]
[Date "1999.07.20"]
[Round "?"]
[White "pagoda"]
[Black "Hossa"]
[Result "0-1"]
[WhiteElo "2052"]
[BlackElo "2389"]
[PlyCount "60"]
[EventDate "1999.??.??"]

1. e4 Nf6 2. e5 Nd5 3. c4 Nb6 4. c5 Nd5 5. Bc4 e6 6. Nc3 Bxc5 7. Bxd5 exd5 8.
Nxd5 c6 9. Ne3 Bxe3 10. dxe3 Qa5+ 11. Bd2 Qxe5 12. Nf3 Qxb2 13. Rb1 Qxa2 14.
Bb4 d5 15. O-O Bf5 16. Qd4 f6 17. Qc5 Kd7 18. Qe7+ Kc8 19. Ra1 Qc4 20. Rfc1 Qg4
21. Ba5 Na6 22. h3 Qg6 23. Nh4 Qg5 24. Nxf5 Qxf5 25. Qxg7 Re8 26. Rab1 Rb8 27.
Qf7 Re5 28. Bc3 Qh5 29. Qxf6 Re8 30. Qf7 30... Qxf7 {pagoda resigns} 0-1

[Event "ICS rated blitz match"]
[Site "207.99.83.229"]
[Date "1999.07.20"]
[Round "?"]
[White "Hossa"]
[Black "almogaver"]
[Result "1-0"]
[WhiteElo "2393"]
[BlackElo "2009"]
[PlyCount "151"]
[EventDate "1999.??.??"]

1. d4 d5 2. c4 c6 3. Nc3 Nf6 4. cxd5 cxd5 5. f3 Nc6 6. e4 dxe4 7. d5 Ne5 8.
fxe4 Bd7 9. Bf4 Ng6 10. Bg5 e6 11. Qf3 Be7 12. O-O-O Rc8 13. d6 Bf8 14. Kb1 h6
15. Bxf6 Qxf6 16. Qxf6 gxf6 17. Be2 Rc6 18. Rf1 Bxd6 19. Bb5 Rc8 20. Bxd7+ Kxd7
21. Rxf6 Ke7 22. Rf1 Be5 23. Nge2 a6 24. Rd1 Rhd8 25. g3 b5 26. Rxd8 Rxd8 27.
Rd1 Rxd1+ 28. Nxd1 Kd6 29. h3 Bg7 30. Nf2 Ne5 31. Kc2 Nc4 32. b3 Ne3+ 33. Kd3
Ng2 34. a4 bxa4 35. bxa4 Kc5 36. Nd1 Kb4 37. Ndc3 Ne1+ 38. Kd2 Be5 39. Na2+ Ka3
40. Nac1 Ng2 41. Nd3 Bg7 42. Nc5 a5 43. Nc1 Kb4 44. N1d3+ Kc4 45. Nb7 Bc3+ 46.
Ke2 h5 47. Nd6+ Kd4 48. e5 Kd5 49. Nxf7 h4 50. Kf2 hxg3+ 51. Kxg2 Kc4 52. Nf4
Kb4 53. Nxe6 Kxa4 54. Nc5+ Kb5 55. e6 Bf6 56. Ne4 Be7 57. Ne5 Kb4 58. Nc6+ Kb3
59. Nxe7 a4 60. Nc5+ Kb4 61. Nxa4 Kxa4 62. Nd5 Kb5 63. Kxg3 Kc6 64. e7 Kd7 65.
e8=Q+ Kxe8 66. h4 Kf8 67. h5 Kg8 68. Kg4 Kh7 69. Kg5 Kh8 70. Kg6 Kg8 71. h6 Kh8
72. Nb6 Kg8 73. Nd7 Kh8 74. Ne5 Kg8 75. h7+ Kh8 76. Nf7# {almogaver checkmated}
1-0

[Event "ICS Rated blitz match"]
[Site "207.99.83.229"]
[Date "1999.07.20"]
[Round "?"]
[White "robbok1"]
[Black "Hossa"]
[Result "1/2-1/2"]
[WhiteElo "2536"]
[BlackElo "2396"]
[PlyCount "130"]
[EventDate "1999.??.??"]

1. e4 Nf6 2. e5 Nd5 3. c4 Nb6 4. c5 Nd5 5. Nc3 Nxc3 6. dxc3 e6 7. Be3 Nc6 8.
Nf3 b6 9. b4 bxc5 10. b5 Na5 11. Qa4 Nb7 12. Be2 d5 13. O-O Qd7 14. Rab1 Be7
15. Qg4 Kf8 16. Rfd1 f6 17. Qa4 Qe8 18. c4 d4 19. Bf4 fxe5 20. Nxe5 Kg8 21. Bf3
Bd6 22. Bc6 Qf8 23. Bg3 Qf5 24. Re1 h6 25. Rb3 Qf6 26. Rf3 Qg5 27. Nf7 Qe7 28.
Nxh8 Kxh8 29. Re2 Qg5 30. Qc2 Kg8 31. Be4 Qe7 32. Re1 a6 33. Bxd6 Qxd6 34. Qa4
a5 35. Qc2 Qe7 36. a4 Rb8 37. Bd5 Nd6 38. Qg6 Rb6 39. Bxe6+ Bxe6 40. Rxe6 Nxc4
41. Rxe7 Rxg6 42. Rxc7 Re6 43. g3 Re1+ 44. Kg2 Ne5 45. Rc8+ Kh7 46. Rff8 Nd3
47. Ra8 c4 48. Rxa5 c3 49. Rc8 Rb1 50. Raa8 c2 51. Kf3 c1=Q 52. Rxc1 Nxc1 53.
Ke4 Rb4 54. f4 Ne2 55. Kd3 Nc3 56. a5 Nxb5 57. Rb8 Rb3+ 58. Kd2 Rb2+ 59. Kd3
Kg6 60. a6 Rb3+ 61. Kd2 Rb2+ 62. Kd3 Rb3+ 63. Kd2 Rb2+ 64. Kd3 Rb3+ 65. Kd2
65... Rb2+ {Game drawn by repetition} 1/2-1/2

[Event "ICS rated blitz match"]
[Site "207.99.83.229"]
[Date "1999.07.20"]
[Round "?"]
[White "Hossa"]
[Black "robbok1"]
[Result "0-1"]
[WhiteElo "2402"]
[BlackElo "2530"]
[PlyCount "105"]
[EventDate "1999.??.??"]

1. d4 Nf6 2. c4 c5 3. d5 b5 4. Nc3 b4 5. Na4 d6 6. Nf3 Bf5 7. a3 a5 8. e3 e5 9.
Be2 Be7 10. Nd2 Nbd7 11. axb4 axb4 12. f4 h5 13. fxe5 Nxe5 14. O-O Bg6 15. Nf3
Nxf3+ 16. Bxf3 Ne4 17. Ra2 Bf6 18. b3 Rxa4 19. Rxa4 Nc3 20. Qe1 Nxa4 21. bxa4
Qb6 22. e4 Qa6 23. Bf4 Bd4+ 24. Kh1 Kd7 25. Qe2 Qxa4 26. Rb1 f6 27. Bg3 Re8 28.
Qd3 Qa2 29. Rd1 Ra8 30. Qf1 Qc2 31. Re1 Ra2 32. Bd1 Qc3 33. Bf3 Be3 34. Rb1 b3
35. Bh4 b2 36. h3 Ra1 37. Rd1 Rc1 38. Be1 Qa3 39. e5 dxe5 40. Bxh5 b1=Q 41.
Bxg6 Qxg6 42. Bh4 Rxd1 43. Qxd1 Qc1 44. Qxc1 Bxc1 45. Bf2 Qe4 46. Kh2 Qf4+ 47.
Bg3 Qxc4 48. Bf2 Kd6 49. Kg1 Qe2 50. Bg3 Be3+ 51. Kh2 f5 52. Bh4 Qf1 53. Bg5 {
Hossa resigns} 0-1

[Event "ICS rated blitz match"]
[Site "207.99.83.229"]
[Date "1999.07.20"]
[Round "?"]
[White "robbok1"]
[Black "Hossa"]
[Result "1-0"]
[WhiteElo "2540"]
[BlackElo "2392"]
[PlyCount "173"]
[EventDate "1999.??.??"]

1. e4 Nf6 2. e5 Nd5 3. c4 Nb6 4. c5 Nd5 5. Nc3 Nxc3 6. dxc3 e6 7. Be3 Nc6 8.
Nf3 b6 9. b4 bxc5 10. b5 Na5 11. Qa4 Nb7 12. Be2 d5 13. O-O Qd7 14. Rab1 Be7
15. Qg4 Kf8 16. Rfd1 f6 17. Qa4 Qe8 18. c4 d4 19. Bf4 fxe5 20. Nxe5 Kg8 21. Bf3
Bd6 22. Bc6 Qf8 23. Bg3 Qf5 24. Re1 h6 25. Rb3 Qf6 26. Rf3 Qg5 27. Nf7 Qe7 28.
Nxh8 Kxh8 29. Be4 Kg8 30. Qc2 a6 31. Bxd6 cxd6 32. Ra3 Ra7 33. Bh7+ Kh8 34. b6
Ra8 35. Be4 a5 36. Rg3 Rb8 37. Qd2 e5 38. Rb1 Be6 39. Qc2 Rd8 40. Bc6 d5 41.
Re1 Rd6 42. cxd5 Bxd5 43. Bxd5 Rxd5 44. Qe4 Qd6 45. Qf5 Qe7 46. Rf3 Kg8 47. Rg3
Nd6 48. Qg6 Kh8 49. Rf3 Kg8 50. Rh3 Kh8 51. f4 e4 52. Rh5 Rxh5 53. Qxh5 Nb7 54.
Qe5 Qxe5 55. fxe5 e3 56. e6 Kg8 57. a4 c4 58. Kf1 Kf8 59. Ke2 Ke7 60. Rd1 d3+
61. Kxe3 Kxe6 62. Kd4 Kd7 63. Kxc4 Kc6 64. Rxd3 Kxb6 65. Rd7 g5 66. Rh7 Nd6+
67. Kd4 Nf5+ 68. Ke5 Ne3 69. Rxh6+ Kc5 70. Rh5 Kb4 71. Rxg5 Kxa4 72. h4 Kb4 73.
Kd4 Nc4 74. Rg8 Nd6 75. Rb8+ Ka3 76. g4 Ka4 77. Kd5 Nb5 78. Rxb5 Kxb5 79. h5
Kb4 80. h6 a4 81. h7 Ka3 82. h8=Q Ka2 83. Kd4 Kb2 84. Kd3+ Ka3 85. Qb8 Ka2 86.
Kc2 a3 87. Qb1# {Hossa checkmated} 1-0

[Event "ICS rated blitz match"]
[Site "207.99.83.229"]
[Date "1999.07.20"]
[Round "?"]
[White "Hossa"]
[Black "pagoda"]
[Result "1/2-1/2"]
[WhiteElo "2382"]
[BlackElo "2048"]
[PlyCount "55"]
[EventDate "1999.??.??"]

1. d4 Nf6 2. c4 e6 3. Nc3 Bb4 4. Bg5 c5 5. e4 Qa5 6. Bxf6 Bxc3+ 7. Ke2 gxf6 8.
bxc3 Qxc3 9. dxc5 Qxc4+ 10. Kf3 Qxc5 11. Qc1 Qxc1 12. Rxc1 Nc6 13. Rd1 Ne5+ 14.
Kf4 Rg8 15. f3 b6 16. Rc1 Bb7 17. Ke3 Ke7 18. Ne2 Rac8 19. Nc3 Rc6 20. Kd2 Rgc8
21. Bb5 Nc4+ 22. Bxc4 Rxc4 23. Rc2 Rd4+ 24. Ke3 Rdc4 25. Kd2 Rd4+ 26. Ke3 Rdc4
27. Kd2 Rd4+ 28. Ke3 {Game drawn by repetition} 1/2-1/2

[Event "ICS rated blitz match"]
[Site "207.99.83.229"]
[Date "1999.07.20"]
[Round "?"]
[White "pagoda"]
[Black "Hossa"]
[Result "0-1"]
[WhiteElo "2060"]
[BlackElo "2370"]
[PlyCount "42"]
[EventDate "1999.??.??"]

1. e4 Nf6 2. e5 Nd5 3. c4 Nb6 4. c5 Nd5 5. Bc4 e6 6. Nc3 Bxc5 7. Bxd5 exd5 8.
Nxd5 c6 9. Ne3 Bxe3 10. dxe3 Qa5+ 11. Bd2 Qxe5 12. Nf3 Qxb2 13. O-O O-O 14. Qe1
d5 15. Bc3 Qb5 16. Qd2 Bf5 17. Qd4 f6 18. Qf4 Bd3 19. Rfd1 Qc4 20. Bb2 Qxf4 21.
exf4 21... Be2 {pagoda resigns} 0-1

[Event "ICS rated blitz match"]
[Site "207.99.83.229"]
[Date "1999.07.20"]
[Round "?"]
[White "Hossa"]
[Black "pagoda"]
[Result "1-0"]
[WhiteElo "2375"]
[BlackElo "2055"]
[PlyCount "45"]
[EventDate "1999.??.??"]

1. d4 Nf6 2. c4 e6 3. Nc3 Bb4 4. Bg5 c5 5. e4 Qa5 6. Bxf6 Bxc3+ 7. Ke2 gxf6 8.
bxc3 Qxc3 9. dxc5 Qxc4+ 10. Kf3 Qxc5 11. Qc1 Qxc1 12. Rxc1 Nc6 13. Rd1 Ne5+ 14.
Kf4 Rg8 15. f3 b6 16. Rc1 Bb7 17. Ke3 Ke7 18. Ne2 Rgc8 19. Nc3 Rc6 20. Bb5 Nc4+
21. Kd3 Ne5+ 22. Ke3 Rc7 23. Nd5+ {pagoda resigns} 1-0

[Event "ICS rated blitz match"]
[Site "207.99.83.229"]
[Date "1999.07.20"]
[Round "?"]
[White "pagoda"]
[Black "Hossa"]
[Result "0-1"]
[WhiteElo "2051"]
[BlackElo "2379"]
[PlyCount "78"]
[EventDate "1999.??.??"]

1. e4 Nf6 2. e5 Nd5 3. c4 Nb6 4. c5 Nd5 5. Bc4 e6 6. Nc3 Bxc5 7. Bxd5 exd5 8.
Nxd5 c6 9. Ne3 Bxe3 10. dxe3 Qa5+ 11. Bd2 Qxe5 12. Nf3 Qxb2 13. Rb1 Qxa2 14.
Bb4 d5 15. O-O Bf5 16. Qd4 f6 17. Qc5 Kd7 18. Qe7+ Kc8 19. Ra1 Qc4 20. Rfc1 Qg4
21. Bc5 Be4 22. Ne1 Qd7 23. Qxd7+ Kxd7 24. Bxa7 Ke6 25. Bd4 Nd7 26. f3 Bg6 27.
g4 Rxa1 28. Rxa1 c5 29. Bb2 b5 30. Ra7 Re8 31. Kf2 Ke7 32. f4 Be4 33. Nf3 Bxf3
34. Kxf3 Kd6 35. Ra6+ Kc7 36. Ra7+ Kc6 37. Ra6+ Kb7 38. Rd6 Nb6 39. Ba1 39...
Kc7 {pagoda resigns} 0-1

[Event "ICS rated blitz match"]
[Site "207.99.83.229"]
[Date "1999.07.20"]
[Round "?"]
[White "pagoda"]
[Black "Hossa"]
[Result "0-1"]
[WhiteElo "2043"]
[BlackElo "2387"]
[PlyCount "40"]
[EventDate "1999.??.??"]

1. e4 Nf6 2. e5 Nd5 3. c4 Nb6 4. c5 Nd5 5. Bc4 e6 6. Nc3 Bxc5 7. Bxd5 exd5 8.
Nxd5 c6 9. Ne3 Bxe3 10. dxe3 Qa5+ 11. Bd2 Qxe5 12. Nf3 Qxb2 13. O-O O-O 14. Rc1
Qxa2 15. Bb4 Re8 16. Qd6 b6 17. Ng5 Qe2 18. Rfd1 Qg4 19. Nf3 a6 20. Qc7 20...
Qxb4 {pagoda resigns} 0-1